|
|
|
|
| LEADER |
00610nta a2200169 i 4500 |
| 001 |
dipl72548 |
| 005 |
20190222132145.0 |
| 008 |
190222s2008 hu om 0|| eng d |
| 040 |
|
|
|a SZTE Diploma Repozitórium
|b hun
|
| 041 |
|
|
|a eng
|
| 100 |
1 |
|
|a Majoros Evelin
|
| 245 |
1 |
0 |
|a Games - Are They Only for Fun?
|h [elektronikus dokumentum] /
|c Evelin Majoros
|
| 246 |
1 |
0 |
|a Játékok - csak szórakozásra valók?
|h [elektronikus dokumentum]
|
| 260 |
|
|
|c 2008
|
| 650 |
|
4 |
|a Pedagógusképzés
|
| 700 |
1 |
|
|a Szöllősy Edina
|e ths
|
| 856 |
4 |
0 |
|u http://diploma.bibl.u-szeged.hu/id/eprint/72548/1/2008_majoros_evelin.pdf
|z Dokumentum-elérés
|